[Event "St Petersburg-ch 83rd"]
[Site "St Petersburg"]
[Date "2010.05.21"]
[Round "6"]
[White "Klimov, Sergey"]
[Black "Popov, Valerij"]
[Result "1/2-1/2"]
[WhiteElo "2518"]
[BlackElo "2592"]
[PlyCount "90"]
[EventDate "2010.05.16"]
[EventType "tourn"]
[EventRounds "11"]
[EventCountry "RUS"]
[EventCategory "12"]
[SourceTitle "CBM 137"]
[Source "ChessBase"]
[SourceDate "2010.07.15"]
[SourceVersion "1"]
[SourceVersionDate "2010.07.15"]
[SourceQuality "1"]

1. e4 c6 2. d4 d5 3. Nc3 dxe4 4. Nxe4 Bf5 5. Ng3 Bg6 6. Nf3 Nd7 7. h4 h6 8. h5 Bh7 9. Bd3 Bxd3 10. Qxd3 e6 11. Bf4 Qa5+ 12. Bd2 Bb4 13. c3 Be7 14. c4 Qc7 15. 0-0-0 Ngf6 16. Kb1 Rd8 17. Qe2 0-0 18. Bc3 Rfe8 19. Ne5 a5 20. f4 Bb4 21. Be1 Bxe1 22. Rhxe1 c5 23. dxc5 Nxc5 24. Qf3 Rxd1+ 25. Rxd1 Rd8 26. Rxd8+ Qxd8 27. Kc2 Qb6 28. Qe3 Qc7 29. b3 a4 30. Qd2 Ncd7 31. Nxd7 Nxd7 32. Ne4 b5 33. Qd6 Qb7 34. Kd3 axb3 35. axb3 bxc4+ 36. bxc4 Qb1+ 37. Ke3 Nb6 38. Qd8+ Kh7 39. Qd3 Qc1+ 40. Kf3 f5 41. Nd6 Qh1 42. Kf2 Qh4+ 43. Qg3 Qf6 44. Qe3 Nd7 45. c5 e5 1/2-1/2